Democracy in Latin America: status and prospects = Democracia en América Latina: estatus y perspectivas /
保存先:
| 第一著者: | |
|---|---|
| その他の著者: | |
| フォーマット: | テキスト |
| タグ: |
タグ追加
タグなし, このレコードへの初めてのタグを付けませんか!
|
MARC
| LEADER | 00000 a a2200000 04500 | ||
|---|---|---|---|
| 001 | 48732 | ||
| 003 | |||
| 040 | |||
| 100 | |a Booth, John | ||
| 245 | |a Democracy in Latin America: status and prospects = |b Democracia en América Latina: estatus y perspectivas / |c John A. Booth, Leticia Heras-Gómez | ||
| 700 | |a Heras-Gómez Leticia | ||
| 773 | |a volumen22, número67, (2015), páginas 55-84 : tabla, gráficos | ||
| 999 | |c 26244 |d 26244 | ||
